Textbook of dental anatomy, physiology and occulsion / (Record no. 139839)
[ view plain ]
| 000 -LEADER | |
|---|---|
| fixed length control field | 00502nam a22001697a 4500 |
| 005 - DATE AND TIME OF LATEST TRANSACTION | |
| control field | 20260223102115.0 |
| 008 - FIXED-LENGTH DATA ELEMENTS--GENERAL INFORMATION | |
| fixed length control field | 260223b |||||||| |||| 00| 0 eng d |
| 020 ## - INTERNATIONAL STANDARD BOOK NUMBER | |
| International Standard Book Number | 9789352705689 (pbk) |
| 040 ## - CATALOGING SOURCE | |
| Transcribing agency | PK-LaUMT |
| 082 ## - DEWEY DECIMAL CLASSIFICATION NUMBER | |
| Classification number | 611.314 |
| Item number | PHU-T |
| 100 ## - MAIN ENTRY--PERSONAL NAME | |
| Personal name | Phulari, Rashmi GS |
| 245 ## - TITLE STATEMENT | |
| Title | Textbook of dental anatomy, physiology and occulsion / |
| Statement of responsibility, etc | by Rashim GS Phulari |
| 250 ## - EDITION STATEMENT | |
| Edition statement | 2nd ed. |
| 260 ## - PUBLICATION, DISTRIBUTION, ETC. (IMPRINT) | |
| Place of publication, distribution, etc | New Delhi : |
| Name of publisher, distributor, etc | Jaypee Brothers Medical Publishers, |
| Date of publication, distribution, etc | 2019 |
| 300 ## - PHYSICAL DESCRIPTION | |
| Extent | 321 p. |
| 942 ## - ADDED ENTRY ELEMENTS (KOHA) | |
| Koha item type | Books |
| Withdrawn status | Lost status | Damaged status | Home library | Current library | Date acquired | Full call number | Barcode | Date last seen | Price effective from | Koha item type | Copy number |
|---|---|---|---|---|---|---|---|---|---|---|---|
| UMT Health Sciences Campus | UMT Health Sciences Campus | 2026-02-23 | 611.314 PHU-T | 152023 | 2026-02-23 | 2026-02-23 | Books | ||||
| UMT Health Sciences Campus | UMT Health Sciences Campus | 2026-02-23 | 611.314 PHU-T | 152024 | 2026-02-23 | 2026-02-23 | Books | C.2 | |||
| UMT Health Sciences Campus | UMT Health Sciences Campus | 2026-02-23 | 611.314 PHU-T | 152025 | 2026-02-23 | 2026-02-23 | Books | C.3 | |||
| UMT Health Sciences Campus | UMT Health Sciences Campus | 2026-02-23 | 611.314 PHU-T | 152026 | 2026-02-23 | 2026-02-23 | Books | C.4 | |||
| UMT Health Sciences Campus | UMT Health Sciences Campus | 2026-02-23 | 611.314 PHU-T | 152027 | 2026-02-23 | 2026-02-23 | Books | C.5 |
